Entrevista al Frente Democrático Contra la Represión de Guatemala /

Сохранить в:
Библиографические подробности
Соавтор: ALAI
Формат: Текст
Предметы:
Метки: Добавить метку
Нет меток, Требуется 1-ая метка записи!

MARC

LEADER 00000 a a2200000 04500
001 17933
003
040
110 |a ALAI  
245 |a Entrevista al Frente Democrático Contra la Represión de Guatemala /  |c ALAI  
650 |a MOVIMIENTOS SOCIALES  
650 |a DEMOCRACIA  
650 |a POLITICA  
650 |a CRISTIANISMO  
650 |a GUATEMALA  
773 |g volumen 4, número 20 -21; páginas 231-233  
999 |c 30495  |d 30495 
773 0 |0 42391  |9 3826  |a Agencia Latinoamericana de Información, ALAI  |d Quito, Ecuador: ALAI  |o 04429  |t ALAI:  |x 08275564 (Servicio mensual de información y documentación)